LEADER 01260nam a2200265 a 4500 001 000000144484 003 CaOOAMICUS 005 20150701103944.0 008 150701s2009 it u000 u ita r 020 $z9788874025350* 040 $aPUL$bita 110 2 $aServizio nazionale per la pastorale giovanile.$0(OLS)http://pul/name/92670 245 10$aGiovani e cultura /$cServizio nazionale per la pastorale giovanile, Servizio nazionale per il progetto culturale della Conferenza episcopale italiana. 260 $aCantalupa (To) :$bEffatą,$c©2009. 300 $a139 p. ;$c21 cm 650 4$aGiovani$xCultura.$0(OLS)http://pul/subject/41878 710 2 $aServizio nazionale per il progetto culturale della CEI.$0(OLS)http://pul/name/65065 710 2 $aConferenza episcopale italiana.$bServizio nazionale progetto culturale della CEI.$0(OLS)http://pul/name/35496 850 $aPUL 852 $aPUL$W1$xDP1 Fondo S. Lanza$y121$m3 G 85$j166767$qFondi$B167357$CPULBib$Z2$F167357 $HLan1742 $82 941 1 $a1 996 $6020$z9788874025350*$9(OLS)http://pul/number/158143 996 $6245$aGiovani e cultura$9(OLS)http://pul/title/182797 996 $6260$aCantalupa (To) :$bEffatą$9(OLS)http://pul/publisher/68547 LEADER 01389nam a2200313 u 4500 001 000000049144 003 CaOOAMICUS 005 20070226115058.0 008 000616s1990 it u000 u ita u 020 $a8839900144 035 $a10850351 040 $aPUL$bita 245 00$aCorso di morale.$nII.,$pDiakonia :$betica della persona /$cedizione rinnovata a cura di Tullio Goffi, Giannino Piana ; Antonio Autiero ... [et al.]. 246 30$aDiakonia :$betica della persona 260 $aBrescia :$bQueriniana,$cc1990. 300 $a473 p. ;$c24 cm 500 $aContiene indici. 504 $aBibliografia in nota. 650 4$aEtica cristiana.$0(OLS)http://pul/subject/1395 700 1 $aGoffi, Tullo,$csac.,$d1916-1996.$0(OLS)http://pul/name/3728 700 1 $aAutiero, Antonio,$d1948-$0(OLS)http://pul/name/30305 700 1 $aPiana, Giannino,$d1939-2023.$0(OLS)http://pul/name/35581 850 $aPUL 852 $aPUL$W1$xSL Religione 1$y3$m36 F 36$j65349$nBK-PRI$b $qStampati$B65349$CPULBib$Z2$F65349 $H $81 941 1 $a8 996 $6020$a8839900144$9(OLS)http://pul/number/62021 996 $6245$aCorso di morale.$nII.,$pDiakonia :$betica della persona$9(OLS)http://pul/title/66263 996 $6246$aDiakonia :$betica della persona$9(OLS)http://pul/title/66264 996 $6260$aBrescia :$bQueriniana$9(OLS)http://pul/publisher/47906